The case of Ireland's being bound by Acts of Parliament in England, stated : By William Molyneux, of Dublin, Esq; To which is added the case of tenures upon the commission of defective titles, ...

Bibliographic Details
Main Author: Molyneux, William, 1656-1698
Format: eBook
Language:English
Series:Eighteenth century collections online.
Online Access:Full text online

MARC

Tag First Indicator Second Indicator Subfields
LEADER 00000cam a2200000 4500
001 in00001865545
006 m | d |
007 cr |n||||||||n
008 870227s1725 ie |||| s 00| ||eng d
005 20260414180059.2
035 |a (CStRLIN)ESTCN26763 
040 |a Cu-RivES  |c Cu-RivES  |d CStRLIN  |d Thomson Gale  |d UtOrBLW 
100 1 |a Molyneux, William,  |d 1656-1698. 
245 1 4 |a The case of Ireland's being bound by Acts of Parliament in England, stated :  |b By William Molyneux, of Dublin, Esq; To which is added the case of tenures upon the commission of defective titles, ... 
264 3 |a Dublin :  |b printed by Pressick Rider and Thomas Harbin, for Pat. Dugan,  |c 1705[i.e. 1725?] 
300 |a vi,192p., plate :  |b portrait ;  |c 12⁰. 
336 |a text  |b txt  |2 rdacontent 
337 |a computer  |b c  |2 rdamedia 
338 |a online resource  |b cr  |2 rdacarrier 
500 |a All evidence show (Plomer and ESTC imprints) that the Rider/Harbin partnership was from 1724-1726. 
500 |a Reproduction of original from the "Department of Special Collections, Kenneth Spencer Research Library, University of Kansas". 
510 4 |a English Short Title Catalog,  |c ESTCN26763. 
533 |a Electronic reproduction.  |b Farmington Hills, Mich. :  |c Thomson Gale,  |d 2003.  |n Available via the World Wide Web.  |n Access limited by licensing agreements  |7 s2003 miunns 
500 |a Electronic resource. 
830 0 |a Eighteenth century collections online. 
856 4 0 |u http://proxy.library.tamu.edu/login?url=https://galenet.galegroup.com/servlet/ECCO?c=1&stp=Author&ste=11&af=BN&ae=N026763&tiPG=1&dd=0&dc=flc&docNum=CW107773969&vrsn=1.0&srchtp=a&d4=0.33&n=10&SU=0LRL+OR+0LRI&locID=txshracd2898  |z Full text online  |t 0 
999 |a MARS 
999 f f |s b661dd42-607c-34a4-870d-8c535813f18a  |i a1cfdf81-c9c5-3912-8070-2902fa9d9c23  |t 0 
952 f f |a Texas A&M University  |b College Station  |c Electronic Resources  |s www_evans  |d Available Online  |t 0  |h No information provided 
998 f f |t 0  |l Available Online